000 00581nam a22001697a 4500
003 SISC
005 20170519110633.0
008 170519b xxu||||| |||| 00| 0 eng d
020 _a9786214060184
050 _aQA 76.9
_b.L412 2015
100 _aLaviña, Charlemagne G.
245 _aSocial, ethical, legal and professional issues in computing :
_bwith complete explanation of the Philippine cybercrime laws /
_cCharlemagne G. Laviña.
260 _aManila :
_bMindshapers Co, Inc.,
_c2015.
300 _ax, 374 pages ;
_c25 cm.
500 _aIncludes appendix.
942 _2lcc
_cBK
999 _c335167
_d335167